LEADER 01135cam0-22003371i-450- 001 990006860970403321 005 20111005091940.0 035 $a000686097 035 $aFED01000686097 035 $a(Aleph)000686097FED01 035 $a000686097 100 $a20010426d1997----km-y0itay50------ba 101 0 $aita 102 $aIT 105 $ay-------001yy 200 1 $a<>comunicazioni interne nella banca-impresa$emetodi e strumenti per lo sviluppo e la gestione delle comunicazioni interne$fRenzo Canal, Pietro Rutelli$gintroduzione di G. Tomassetti e P. Rutelli 210 $aMilano$cFrancoAngeli$d1997 215 $a112 p.$d22 cm 225 1 $aFormazione permanente$hSez. 3$iPratica di..$v57 610 0 $aBanche$aSistemi informativi 610 0 $aComunicazione aziendale 676 $a332.10684$v19$zita 700 1$aCanal,$bRenzo$0411550 701 1$aRutelli,$bPietro$0253458 801 0$aIT$bUNINA$gREICAT$2UNIMARC 901 $aBK 912 $a990006860970403321 952 $aCOLLEZ. 1329 (57)$b31969$fFSPBC 959 $aFSPBC 996 $aComunicazioni interne nella banca-impresa$9625070 997 $aUNINA LEADER 00766nam0 2200229 450 001 9910221349103321 005 20171026102732.0 100 $a20171026d1959----km y0itay50 ba 101 0 $aeng 102 $aUS 105 $ay 001yy 200 1 $aIndex to ASTM Standards$eas of december, 1958$especifications, methods of testing, recommended practices, definitions of terms, charts and tables 210 $aPhiladelphia$cAmerican Society for Testing Materials$d1959 215 $aX, 209 p.$d23 cm 710 02$aAmerican Society for Testing and Materials$020347 801 0$aIT$bUNINA$gREICAT$2UNIMARC 901 $aBK 912 $a9910221349103321 952 $aMM 202$b2376$fDINED 959 $aDINED 996 $aIndex to ASTM Standards$91494334 997 $aUNINA LEADER 02063nam 2200445Ia 450 001 996394199003316 005 20221107143401.0 035 $a(CKB)4940000000119521 035 $a(EEBO)2264221073 035 $a(OCoLC)9922876400971 035 $a(EXLCZ)994940000000119521 100 $a20040304d1620 uy 0 101 0 $aeng 135 $aurbn||||a|bb| 200 10$aBy the King$b[electronic resource] $eA proclamation for restraint of killing, dressing, and eating of flesh in Lent or on fish dayes, appointed by the law, to be hereafter strictly obserued by all sorts of people. 210 $aImprinted at London $cby Robert Barker, and Iohn Bill Printers to the Kings most Excellent Maiestie.$dM.DC.XX. [1620] 215 $a3 leaves 300 $aRoyal arms with initials "I R" at head of first sheet; initial. 300 $aImprint from colophon. 300 $aSheet 1 has last indented line to right of init. "ther...inuete-/". 300 $a"Giuen at Our Palace of Westminster the thirtieth day of Ianuary, in the eighteenth yeere of Our Reigne of England, France and Ireland, and of Scotland the foure and fiftieth." 300 $aReproduction of original in: University of London. Library. 330 $aeebo-0169 606 $aLent$xLaw and legislation$zEngland$vEarly works to 1800 606 $aFasts and feasts$xChurch of England$vEarly works to 1800 606 $aFasts and feasts$zEngland$vEarly works to 1800 606 $aMeat industry and trade$xLaw and legislation$zGreat Britain$vEarly works to 1800 607 $aGreat Britain$xHistory$yJames I, 1603-1625$vSources 608 $aBroadsides$zEngland$zLondon$y17th century.$2rbgenr 615 0$aLent$xLaw and legislation 615 0$aFasts and feasts$xChurch of England 615 0$aFasts and feasts 615 0$aMeat industry and trade$xLaw and legislation 701 $aJames$cKing of England,$f1566-1625.$01001019 801 0$bEBK 801 1$bEBK 906 $aBOOK 912 $a996394199003316 996 $aBy the King$92299281 997 $aUNISA